[Event "I guarantee a push this game."]
[Site "http://www.queenalice.com/game.php?id=166649"]
[Date "2007.2.10"]
[Round "-"]
[White "yanfu"]
[Black "Metyx"]
[Result "0-1"]
[WhiteElo "1437"]
[BlackElo "1707"]

1. e4 e5 2. Nf3 Nc6 3. Bc4 Bc5 4. O-O Nf6 5. Ng5 O-O 6. b3 h6 7. Nxf7 Rxf7 8.
Bxf7+ Kxf7 9. Qf3 Nd4 10. Qd1 Nxe4 11. d3 Nf6 12. c3 Ne6 13. Re1 d6 14. Qf3 Kg8
15. Qg3 Nh5 16. Qg6 Nhf4 17. Bxf4 Nxf4 18. Qe4 Qg5 19. g3 c6 20. h4 Qg4 21. b4
Bf5 22. Qc4+ Kh7 23. bxc5 Ne2+ 24. Kf1 Qf3 25. Rxe2 Qh1# 0-1

[Event "Challenge"]
[Site "http://www.queenalice.com/game.php?id=171074"]
[Date "2007.2.19"]
[Round "-"]
[White "Zagonel"]
[Black "Metyx"]
[Result "0-1"]
[WhiteElo "1214"]
[BlackElo "1705"]

1. b3 e5 2. d3 d5 3. Bb2 d4 4. Nf3 Nc6 5. g3 Nf6 6. Bg2 Bf5 7. Ng5 Bb4+ 8. c3
dxc3 9. Bxc3 Qd4 10. e3 Bxc3+ 11. Nxc3 Qxc3+ 12. Ke2 Nb4 13. e4 Bd7 14. Rc1 Qb2+
15. Ke3 Ng4+ 16. Kf3 Qxf2# 0-1

[Event "Snowy Pawns"]
[Site "http://www.queenalice.com/game.php?id=173742"]
[Date "2007.2.25"]
[Round "-"]
[White "Metyx"]
[Black "baggerman"]
[Result "0-1"]
[WhiteElo "1712"]
[BlackElo "1557"]

1. e4 e5 2. Nf3 d6 3. Nc3 Nf6 4. Bc4 Be6 5. Bxe6 fxe6 6. d3 d5 7. exd5 Qd6 8.
dxe6 Qxe6 9. O-O Nc6 10. a3 O-O-O 11. Bg5 h6 12. Bxf6 gxf6 13. Qe2 a6 14. Rad1
Bc5 15. b4 Bd4 16. Nxd4 Nxd4 17. Qd2 Rhg8 18. Qxh6 Rh8 19. Qd2 Rdg8 20. f4 Qh3
21. Kf2 Rxg2+ 22. Ke1 Nxc2+ 23. Qxc2 Rxc2 24. Nd5 Qh4+ 0-1

[Event "Challenge"]
[Site "http://www.queenalice.com/game.php?id=173744"]
[Date "2007.2.25"]
[Round "-"]
[White "BUZZYRJ"]
[Black "Metyx"]
[Result "1-0"]
[WhiteElo "1349"]
[BlackElo "1716"]

1. d4 d5 2. Nc3 Nf6 3. Bg5 Nc6 4. f3 Bf5 5. a4 e6 6. b3 Nb4 7. a5 Nxc2+ 8. Kf2
Nxa1 9. Qxa1 Bb4 10. Qa4+ c6 11. Qxb4 b5 12. axb6 axb6 13. e4 dxe4 14. f4 c5 15.
Qb5+ Kf8 16. b4 Qxd4+ 17. Kg3 Qxc3+ 18. Nf3 exf3 19. gxf3 Qxb4 20. Qc6 Nh5+ 21.
Kh4 h6 22. Qxa8# 1-0

[Event "Challenge"]
[Site "http://www.queenalice.com/game.php?id=173745"]
[Date "2007.2.25"]
[Round "-"]
[White "nas"]
[Black "Metyx"]
[Result "1-0"]
[WhiteElo "1589"]
[BlackElo "1703"]

1. e4 e5 2. Nf3 Nc6 3. Bc4 Bc5 4. c3 Nf6 5. d4 exd4 6. e5 dxc3 7. exf6 cxb2 8.
Qe2+ Be7 9. Bxb2 gxf6 10. O-O d5 11. Bb5 Qd6 12. Re1 Bg4 13. Ba3 Qe6 14. Bxe7
Kxe7 15. Bxc6 Bxf3 16. gxf3 Rhg8+ 17. Kh1 bxc6 18. Qd2 Rg7 19. Rxe6+ fxe6 20.
Qa5 Kd6 21. Nd2 Rag8 22. Qxa7 1-0

[Event "Challenge"]
[Site "http://www.queenalice.com/game.php?id=177974"]
[Date "2007.3.7"]
[Round "-"]
[White "Metyx"]
[Black "TheTruth"]
[Result "1-0"]
[WhiteElo "1686"]
[BlackElo "1648"]

1. e4 e5 2. Nf3 f5 3. Bc4 d6 4. d3 Nc6 5. Nc3 Nf6 6. Bg5 Be7 7. Bxf6 Bxf6 8. O-O
a6 9. Nd5 Be6 10. Nxf6+ Qxf6 11. Bxe6 Qxe6 12. exf5 Qxf5 13. Qd2 O-O-O 14. Rfe1
g5 15. Qxg5 Nd4 16. Qxf5+ Nxf5 17. Rad1 c5 18. c3 Rhe8 19. Re2 h5 20. Rde1 b5
21. d4 cxd4 22. cxd4 Kd7 23. dxe5 Re6 24. exd6 Rxd6 25. Ne5+ 1-0

[Event "Challenge"]
[Site "http://www.queenalice.com/game.php?id=179010"]
[Date "2007.3.9"]
[Round "-"]
[White "mrGAD"]
[Black "Metyx"]
[Result "1-0"]
[WhiteElo "1340"]
[BlackElo "1682"]

1. b4 e5 2. Bb2 e4 3. e3 d5 4. c3 Nf6 5. Qa4+ Bd7 6. Qd1 a6 7. g3 Bg4 8. f3 exf3
9. Nxf3 Nc6 10. h3 Bxf3 11. Qxf3 Bd6 12. c4 Nxb4 13. cxd5 Nc2+ 14. Kf2 Nxa1 15.
Bxa1 Qe7 16. Bc4 Ne4+ 17. Kg2 O-O-O 18. Bxg7 Rhg8 19. Qf5+ Kb8 20. Bd4 Nxg3 21.
Qf6 Ne4+ 22. Kf1 Nxf6 23. Ke1 Rg2 24. Nc3 Rdg8 25. Rf1 Rg1 26. Ne2 Rxf1+ 27.
Kxf1 Ne4 28. d3 1-0

[Event "Lald owns Metyx with White"]
[Site "http://www.queenalice.com/game.php?id=383853"]
[Date "2008.4.7"]
[Round "-"]
[White "Lald"]
[Black "Metyx"]
[Result "0-1"]
[WhiteElo "1292"]
[BlackElo "1654"]

1. e4 e5 2. Nf3 Nc6 3. Bb5 a6 4. Ba4 b5 5. Bb3 Bc5 6. O-O Nf6 7. c3 d6 8. d4
exd4 9. cxd4 Bb6 10. Nbd2 Nxd4 11. Nxd4 Bxd4 12. Qf3 Bb7 13. a4 O-O 14. a5 Qe7
15. Re1 Rfe8 16. Qd3 Ba7 17. Qf3 Bxe4 18. Bxf7+ Qxf7 19. Nxe4 Nxe4 20. Qxf7+
Kxf7 21. Be3 Bxe3 22. Rxe3 Kf6 23. Rae1 d5 24. f3 Nd6 25. Kf2 Rxe3 26. Rxe3 Nc4
27. Rd3 Nxb2 28. Rxd5 Nc4 29. Rc5 Nxa5 30. Rxc7 Rb8 31. Ra7 Rb6 32. Ke3 b4 33.
Kd4 b3 34. Kc5 Rb5+ 35. Kd4 Nc6+ 36. Kc4 b2 37. Rxa6 b1=Q 38. Rxc6+ Kg5 39. Rc5+
Rxc5+ 40. Kxc5 Kf4 41. g3+ Kxf3 42. Kd4 Qe4+ 43. Kc5 Kg2 44. h4 Kxg3 45. h5 g5
46. h6 Kf4 47. Kd6 Qe5+ 48. Kd7 Kf5 49. Kc6 Ke6 50. Kb6 Kd7 51. Kb7 Qc5 52. Kb8
Qd5 53. Ka7 Kc7 54. Ka6 g4 55. Ka7 Qb7# 0-1

[Event "Lald also owns Metyx with black"]
[Site "http://www.queenalice.com/game.php?id=383860"]
[Date "2008.4.7"]
[Round "-"]
[White "Metyx"]
[Black "Lald"]
[Result "1-0"]
[WhiteElo "1652"]
[BlackElo "1294"]

1. e4 e6 2. d4 d5 3. Bd3 Nc6 4. Nf3 Nf6 5. e5 Ne4 6. O-O Nb4 7. a3 Nxd3 8. cxd3
Nxf2 9. Rxf2 g6 10. Bg5 Be7 11. Qd2 Bxg5 12. Qxg5 Qxg5 13. Nxg5 O-O 14. Nc3 h6
15. Nf3 b6 16. b4 a5 17. Rc1 axb4 18. axb4 c6 19. Ra2 Ba6 20. Rca1 Bb7 21. Rxa8
Bxa8 22. g4 f6 23. exf6 Rxf6 24. Rxa8+ Rf8 25. Rxf8+ Kxf8 26. Ne5 c5 27. dxc5
bxc5 28. bxc5 Ke7 29. Nxg6+ Kf6 30. Nf4 d4 31. Ne4+ Ke5 32. c6 Kxf4 33. c7 Kxg4
34. c8=Q Kh3 35. Qxe6+ Kh4 36. Qxh6+ Kg4 37. Qg5+ Kf3 38. Qg3+ Ke2 39. Qf2+ Kxd3
40. Nd2 Kc2 41. Qxd4 Kd1 42. Nc4+ Kc1 43. Qb2+ Kd1 44. Qd2# 1-0

[Event "Challenge"]
[Site "http://www.queenalice.com/game.php?id=413300"]
[Date "2008.6.5"]
[Round "-"]
[White "Metyx"]
[Black "baggerman"]
[Result "1-0"]
[WhiteElo "1656"]
[BlackElo "1504"]

1. e4 Nf6 2. e5 Nd5 3. d4 d6 4. c4 dxe5 5. cxd5 Qxd5 6. dxe5 Qxe5+ 7. Qe2 Qxe2+
8. Bxe2 e5 9. Nc3 Bb4 10. Bd2 Bxc3 11. Bxc3 f6 12. Nf3 Be6 13. O-O Nd7 14. b4
O-O-O 15. a4 b6 16. Ba6+ Kb8 17. a5 e4 18. Nd4 Bd5 19. Nc6+ Bxc6 20. axb6 Nxb6
21. Rfc1 Nd5 22. Be1 Nf4 23. Rxc6 Rd6 24. Rxd6 cxd6 25. Bd2 g5 26. Bxf4 gxf4 27.
Rc1 Rg8 28. Rc6 Rd8 29. Kf1 f5 30. Ke2 d5 31. Rf6 e3 32. f3 d4 33. Rxf5 Rd6 34.
Bd3 Rb6 35. Rb5 Rxb5 36. Bxb5 Kb7 37. Kd3 a6 38. Bc4 Kb6 39. Kxd4 a5 40. bxa5+
Kxa5 41. Ke4 Kb4 42. Ba6 Kc3 43. Kxf4 Kd2 44. g4 e2 45. Bxe2 Kxe2 46. h4 1-0

[Event "Why would Metyx need white?"]
[Site "http://www.queenalice.com/game.php?id=432939"]
[Date "2008.7.14"]
[Round "-"]
[White "Lald"]
[Black "Metyx"]
[Result "0-1"]
[WhiteElo "1298"]
[BlackElo "1666"]

1. e4 e5 2. Nf3 Nc6 3. d4 exd4 4. Nxd4 Nxd4 5. Qxd4 d6 6. Qd1 Nf6 7. Nc3 Be7 8.
Bb5+ Bd7 9. Bc4 O-O 10. O-O c6 11. Bf4 b5 12. Be2 b4 13. Na4 Nxe4 14. c3 d5 15.
Qd4 bxc3 16. bxc3 Nf6 17. Rab1 c5 18. Qd1 Qa5 19. Nb2 Qxc3 20. Bf3 Bf5 21. Re1
Bxb1 22. Rxe7 Qxb2 23. Re2 Qd4 24. Qxd4 cxd4 25. Re1 Bxa2 26. Rd1 Rfe8 27. h3 a5
28. Rxd4 a4 29. Kh2 a3 30. Kg3 Bc4 31. Kh4 a2 32. Kg5 a1=Q 33. Kf5 Qxd4 34. Bg5
Re5# 0-1

[Event "LOLzor"]
[Site "http://www.queenalice.com/game.php?id=457735"]
[Date "2008.9.3"]
[Round "-"]
[White "Lald"]
[Black "Metyx"]
[Result "0-1"]
[WhiteElo "1296"]
[BlackElo "1678"]

1. e4 e5 2. Nf3 Nc6 3. Nc3 Nf6 4. Bb5 Bc5 5. O-O O-O 6. a3 d6 7. b4 Bb6 8. Bb2
Bg4 9. Qe2 Nd4 10. Qd1 Nxf3+ 11. gxf3 Bh3 12. Ne2 Bxf1 13. Qxf1 c6 14. Ba4 Nh5
15. c3 Qg5+ 16. Kh1 Qxd2 17. Bc1 Qd3 18. Bb2 Qxf3+ 19. Kg1 f5 20. exf5 Rxf5 21.
Rd1 Bxf2+ 22. Qxf2 Qxf2+ 23. Kh1 Qxe2 24. Rxd6 Qf1# 0-1

[Event "Challenge"]
[Site "http://www.queenalice.com/game.php?id=467247"]
[Date "2008.9.23"]
[Round "-"]
[White "baggerman"]
[Black "Metyx"]
[Result "0-1"]
[WhiteElo "1508"]
[BlackElo "1668"]

1. e4 e5 2. Nf3 Nc6 3. c3 Nf6 4. d3 d5 5. exd5 Qxd5 6. c4 Qd8 7. Bf4 exf4 8. Qd2
Nd4 9. Na3 Bxa3 10. bxa3 Bg4 11. Nxd4 Qxd4 12. Rb1 O-O 13. h3 Rfe8+ 14. Be2
Rxe2+ 15. Qxe2 Bxe2 16. Kxe2 Re8+ 17. Kd2 Qxf2+ 18. Kc3 b6 19. Rhg1 Qxa2 20. Ra1
Qf2 21. Raf1 Qc5 22. Kb3 g5 23. g3 f3 24. Rh1 Re3 25. Rd1 f2 26. g4 Qe7 27. Rh2
Re1 0-1

[Event "November Knights"]
[Site "http://www.queenalice.com/game.php?id=490035"]
[Date "2008.11.8"]
[Round "-"]
[White "Metyx"]
[Black "baggerman"]
[Result "1-0"]
[WhiteElo "1680"]
[BlackElo "1474"]

1. e4 e5 2. Nf3 f6 3. Bc4 Ne7 4. O-O c6 5. d3 d5 6. Bb3 b6 7. exd5 cxd5 8. c3
Ba6 9. Re1 Ng6 10. Bc2 Nc6 11. a4 Qd6 12. b4 b5 13. axb5 Bxb5 14. Ba4 Qb8 15.
Bxb5 Qxb5 16. Qa4 Qxa4 17. Rxa4 Bd6 18. b5 Nce7 19. Ba3 Nc8 20. Bxd6 Nxd6 21.
Na3 O-O 22. c4 dxc4 23. dxc4 Nc8 24. c5 Nge7 25. b6 Nxb6 26. cxb6 Nc6 27. b7
Rab8 28. Rb1 Rf7 29. Rc4 Nd8 30. Rc8 Rfxb7 31. Rxb8 1-0

[Event "It Aint Warcraft"]
[Site "http://www.queenalice.com/game.php?id=494863"]
[Date "2008.11.18"]
[Round "-"]
[White "Metyx"]
[Black "Lald"]
[Result "1-0"]
[WhiteElo "1648"]
[BlackElo "1266"]

1. e4 e5 2. Nf3 Nc6 3. Bc4 Bc5 4. O-O Nf6 5. Nc3 O-O 6. d3 d6 7. a3 a6 8. b4 b5
9. Bb3 Bb6 10. Bb2 Bb7 11. Ne2 Ne7 12. c4 c5 13. Qd2 Qd7 14. Rad1 Rad8 15. Rfe1
Rfe8 16. bxc5 bxc4 17. cxb6 cxb3 18. Qb4 Qb5 19. Qxb5 axb5 20. Rc1 Rc8 21. Rc7
Rxc7 22. bxc7 Rc8 23. Rc1 Ng6 24. d4 Nxe4 25. dxe5 h6 26. exd6 Nxd6 27. Rd1 Re8
28. Kf1 Nc8 29. Rd8 Kf8 30. Bxg7+ Kxg7 31. Rxe8 Nce7 32. Rb8 Bc8 33. Rxb5 Be6
34. Ned4 Nf4 35. Nxe6+ fxe6 36. Rxb3 h5 37. h4 Kf6 38. Rc3 e5 39. c8=Q Nxc8 40.
Rxc8 Kf5 41. a4 e4 42. Nd4+ Ke5 43. Ne2 Nxe2 44. Kxe2 e3 45. Kxe3 Kf5 46. a5 Ke5
47. a6 Kf5 48. a7 Ke5 49. a8=Q Ke6 50. Ke4 Kd6 51. Qd5+ Ke7 52. Rc7+ Ke8 53.
Qg8# 1-0

[Event "Wisconsin Chess"]
[Site "http://www.queenalice.com/game.php?id=536000"]
[Date "2009.2.6"]
[Round "-"]
[White "baggerman"]
[Black "Metyx"]
[Result "1-0"]
[WhiteElo "1454"]
[BlackElo "1688"]

1. e4 e5 2. Nf3 Nc6 3. Bc4 Bc5 4. O-O Nf6 5. Ng5 O-O 6. Bxf7+ Rxf7 7. Nxf7 Kxf7
8. d3 d5 9. exd5 Qxd5 10. Nc3 Qd6 11. Be3 Bxe3 12. fxe3 Bg4 13. Qe1 Kg8 14. Rd1
Bxd1 15. Qxd1 Re8 16. e4 Qd4+ 17. Kh1 a6 18. h3 b5 19. Qe1 Nb4 20. a3 Nxc2 21.
Qg3 Nh5 22. Qf3 Rf8 23. Qxf8# 1-0

[Event "Rematch"]
[Site "http://www.queenalice.com/game.php?id=605583"]
[Date "2009.6.18"]
[Round "-"]
[White "Metyx"]
[Black "baggerman"]
[Result "1-0"]
[WhiteElo "1663"]
[BlackElo "1479"]

1. e4 e6 2. d4 d5 3. e5 f6 4. f4 f5 5. c4 dxc4 6. Bxc4 Nc6 7. Nf3 a6 8. Nc3 b5
9. Be2 Bb7 10. a3 b4 11. axb4 Bxb4 12. O-O Nge7 13. Ng5 Nxd4 14. Qa4+ Nec6 15.
Rd1 Qd7 16. Be3 Bxc3 17. bxc3 Nxe2+ 18. Kf1 Nxc3 19. Rxd7 Nxa4 20. Rxc7 Rb8 21.
Rxa4 a5 22. Rxg7 Ne7 23. Nxe6 Bc8 24. Bc5 Rb7 25. Rxe7+ Rxe7 26. Bxe7 Kxe7 27.
Nd4 Rd8 28. Nc6+ Kd7 29. Nxd8 Kxd8 30. Rxa5 Bb7 31. Kf2 Ke8 32. Ra7 Bc8 33. Rxh7
Bd7 34. h4 Be6 35. h5 Kf8 36. h6 Kg8 37. Re7 Bd5 38. h7+ Kh8 39. Kg3 Bxg2 40.
Kh4 Bd5 41. Kg5 Be6 42. Kg6 Bf7+ 43. Kxf5 Bg6+ 44. Kg5 Bxh7 45. Kh6 Bg8 46. Kg6
Bd5 47. Re8+ Bg8 48. Rxg8+ Kxg8 49. Kf6 Kf8 50. e6 Ke8 51. e7 Kd7 52. Kf7 1-0

[Event "Metyx Black"]
[Site "http://www.queenalice.com/game.php?id=633232"]
[Date "2009.8.9"]
[Round "-"]
[White "baggerman"]
[Black "Metyx"]
[Result "1-0"]
[WhiteElo "1478"]
[BlackElo "1672"]

1. e4 e5 2. d4 exd4 3. Qxd4 Nc6 4. Qc3 d6 5. Bc4 Nf6 6. Bg5 h6 7. Bxf6 Qxf6 8.
Qxf6 gxf6 9. Nc3 f5 10. O-O-O fxe4 11. Nxe4 Bg7 12. Re1 Be6 13. Bxe6 fxe6 14.
Nf3 O-O-O 15. Nc3 Bxc3 16. bxc3 e5 17. Nd2 Kb8 18. Re3 Rhg8 19. Rg3 Rxg3 20.
fxg3 Re8 21. Rf1 e4 22. Nxe4 b5 23. Nf6 Re2 24. Rg1 Ne5 25. Kd1 Rf2 26. Ne4 Rf8
27. Kc1 a5 28. Kb2 Nc4+ 29. Kc1 c5 30. h3 Kc7 31. g4 Re8 32. Nf6 Rf8 33. Nd5+
Kd7 34. Re1 Re8 35. Rxe8 Kxe8 36. Nf6+ Kf7 37. Ne4 Ke6 38. Nd2 Nxd2 39. Kxd2 Ke5
40. Ke3 b4 41. cxb4 axb4 42. h4 c4 43. g5 hxg5 44. h5 b3 45. axb3 cxb3 46. cxb3
g4 47. b4 Kf5 48. h6 Kg6 49. b5 Kxh6 50. b6 Kh5 51. b7 Kh4 52. b8=Q Kg3 53.
Qxd6+ Kxg2 54. Qd2+ Kg3 55. Qf2+ Kh3 56. Kf4 g3 57. Qxg3# 1-0

[Event "Wisconsin Rematch"]
[Site "http://www.queenalice.com/game.php?id=684199"]
[Date "2009.11.16"]
[Round "-"]
[White "Metyx"]
[Black "baggerman"]
[Result "1-0"]
[WhiteElo "1650"]
[BlackElo "1476"]

1. e4 d5 2. exd5 Qxd5 3. Nc3 Qe6+ 4. Be2 Qc6 5. Nf3 g5 6. d4 Bh6 7. Bb5 Bd7 8.
Bxc6 Bxc6 9. d5 Bd7 10. Bxg5 f6 11. Bxh6 Nxh6 12. Qd2 Nf7 13. O-O-O Na6 14. Kb1
Rg8 15. g3 Bg4 16. Nd4 Bxd1 17. Rxd1 Rd8 18. Ne6 Rd6 19. Nb5 Rb6 20. Nbxc7+ Kd7
21. Nxa6 Rxa6 22. Nc5+ Ke8 23. Nxa6 Rg6 24. Nb4 Nd6 25. Re1 Nc4 26. Qe2 Ne5 27.
f4 Rg7 28. fxe5 f5 29. Qh5+ Kd8 30. Qxf5 Ke8 31. d6 Rf7 32. d7+ Kd8 33. Qxf7
Kxd7 34. Rd1+ Kc7 35. Qxe7+ Kb6 36. Rd7 Ka5 37. Rxb7 Ka4 38. Nc6 a5 39. Qa3# 1-0

[Event "Challenge"]
[Site "http://www.queenalice.com/game.php?id=712524"]
[Date "2010.1.12"]
[Round "-"]
[White "baggerman"]
[Black "Metyx"]
[Result "0-1"]
[WhiteElo "1476"]
[BlackElo "1659"]

1. e4 e5 2. Nf3 Nc6 3. d3 Bc5 4. Nbd2 Nf6 5. Nc4 d5 6. exd5 Qxd5 7. Nfxe5 Nxe5
8. Qe2 O-O 9. f4 Nxc4 10. dxc4 Qd6 11. Bd2 Re8 12. Qxe8+ Nxe8 13. O-O-O Bg4 14.
Re1 Bb4 15. c3 Bc5 16. b4 Bf2 17. Re4 Nf6 18. Re5 Rd8 19. Kb2 Qxd2+ 20. Ka3
Qxc3+ 21. Ka4 Bd1+ 22. Kb5 a6+ 23. Ka5 Bb6# 0-1

[Event "Challenge"]
[Site "http://www.queenalice.com/game.php?id=727596"]
[Date "2010.2.7"]
[Round "-"]
[White "Metyx"]
[Black "baggerman"]
[Result "1-0"]
[WhiteElo "1668"]
[BlackElo "1484"]

1. e4 e5 2. Nf3 Bd6 3. c3 Nf6 4. d4 Nxe4 5. dxe5 Bc5 6. Qd5 Bxf2+ 7. Ke2 f5 8.
exf6 Nxf6 9. Qe5+ Qe7 10. Qxe7+ Kxe7 11. Kxf2 Re8 12. Bg5 h6 13. Bxf6+ Kxf6 14.
Bc4 c6 15. Re1 Rxe1 16. Kxe1 d5 17. Bd3 Be6 18. Nbd2 Nd7 19. Nd4 Re8 20. Nxe6
Rxe6+ 21. Kf2 Ne5 22. Be2 b5 23. Re1 a5 24. Nf3 Nxf3 25. Bxf3 Rxe1 26. Kxe1 Ke5
27. Kd2 d4 28. Bxc6 dxc3+ 29. bxc3 b4 30. cxb4 axb4 31. Kd3 Kd6 32. Bf3 Kc5 33.
Ke4 Kc4 34. g4 Kc3 35. Bd1 Kb2 36. Bb3 Kc3 37. h4 g6 38. Kf4 Kd4 39. Bf7 Kc3 40.
Bxg6 Kb2 41. Bf7 1-0

[Event "Challenge"]
[Site "http://www.queenalice.com/game.php?id=754722"]
[Date "2010.4.1"]
[Round "-"]
[White "baggerman"]
[Black "Metyx"]
[Result "0-1"]
[WhiteElo "1451"]
[BlackElo "1677"]

1. d4 d5 2. Nc3 Nf6 3. f3 Bf5 4. e3 Nc6 5. Nge2 e6 6. g4 Bg6 7. Nf4 Bb4 8. Qd2
Qe7 9. a3 Ba5 10. b4 Bb6 11. Na4 e5 12. Nxg6 hxg6 13. Bb2 exd4 14. Nxb6 dxe3 15.
Qd3 axb6 16. O-O-O O-O 17. Re1 Rfe8 18. Rxe3 Qxe3+ 19. Qxe3 Rxe3 20. Bg2 Rae8
21. Kd2 Re2+ 22. Kd1 Rxg2 23. Re1 Rxe1+ 24. Kxe1 Rxc2 25. Bxf6 gxf6 26. b5 Nd4
27. f4 Rxh2 0-1